000 00717nam a2200241 a 4500
001 69663
003 BD-RjUL
005 20211209081919.0
008 170413s1973 ilua 001 0 eng
020 _a0673077888
035 _a(BD-RjUL)69875
040 _aDLC
_cDLC
_dDLC
_beng
041 _aeng
082 0 0 _223
_a512
_bLIC 1973
100 1 _aLial, Margaret L.
_9151558
245 1 0 _aCollege algebra
_cMargaret L. Lial [and] Charles D. Miller.
260 _aGlenview, Ill. :
_bScott, Foresman,
_c1973
300 _aix, 278 p. :
_bill. ;
_c25 cm.
500 _aIncludes index
650 0 _aAlgebra.
_9206339
700 1 _aMiller, Charles D.
_q(Charles David),
_d1942-1986,
_ejoint author.
_9206340
942 _2ddc
_cBK
999 _c69663
_d69663